Olvidos de Granada : (Record no. 85095)

MARC details
000 -LEADER
campo de control de longitud fija 00793nam a2200229 i 4500
001 - NÚMERO DE CONTROL
campo de control 85095
003 - IDENTIFICADOR DE NÚMERO DE CONTROL
campo de control ES-MaACL
005 - FECHA Y HORA DE LA ÚLTIMA TRANSACCIÓN
campo de control 20231227062536.0
007 - CAMPO FIJO DE DESCRIPCIÓN FÍSICA--INFORMACIÓN GENERAL
campo de control de longitud fija t|
008 - DATOS DE LONGITUD FIJA--INFORMACIÓN GENERAL
campo de control de longitud fija 041125s1979 sp |||| | spa d
020 ## - NÚMERO INTERNACIONAL ESTÁNDAR DEL LIBRO
Número Internacional Estándar del Libro 84-85417-03-8
080 ## - NÚMERO DE LA CLASIFICACIÓN DECIMAL UNIVERSAL
Número de la Clasificación Decimal Universal 821.134.2-14"19"
100 1# - ENTRADA PRINCIPAL--NOMBRE DE PERSONA
Nombre de persona Jiménez, Juan Ramón,
Fechas asociadas al nombre 1881-1958
9 (RLIN) 66417
245 10 - MENCIÓN DEL TÍTULO
Título Olvidos de Granada :
Resto del título (facsímil del original de 1945 y varios textos inéditos del poeta) /
Mención de responsabilidad, etc. Juan Ramón Jiménez ; preliminar y notas de Francisco Giner de los Ríos.
260 ## - PUBLICACIÓN, DISTRIBUCIÓN, ETC.
Lugar de publicación, distribución, etc. Madrid :
Nombre del editor, distribuidor, etc. Caballo Griego para la Poesía,
Fecha de publicación, distribución, etc. [1979]
300 ## - DESCRIPCIÓN FÍSICA
Extensión 111 p. ;
Dimensiones 24 cm.
490 1# - MENCIÓN DE SERIE
Mención de serie Héroe ;
Designación de volumen o secuencia 1
700 1# - ENTRADA AGREGADA--NOMBRE PERSONAL
Nombre de persona Giner de los Ríos, Francisco,
Fechas asociadas al nombre 1917-1995
9 (RLIN) 57123
830 1# - PUNTO DE ACCESO ADICIONAL DE SERIE-TÍTULO UNIFORME
Título uniforme Héroe ;
Designación de volumen o secuencia 1
9 (RLIN) 183858
852 ## - LOCALIZACIÓN
Ubicación ES-MaACL
Número de control de estantería A-10549
Holdings
Estatus retirado Estado de pérdida Estado de daño No para préstamo Biblioteca de origen Biblioteca actual Ubicación en estantería Fecha de adquisición Fuente de adquisición Total de préstamos Signatura topográfica completa Código de barras Visto por última vez Precio de reemplazo Tipo de ítem Koha
        Biblioteca del Ateneo de Madrid Biblioteca del Ateneo de Madrid Depósito 1 17/01/2008     A-10549 1088928 23/02/2023 23/02/2023 Libro impreso